Normal view
MARC view
Entry Topical Term
001 - CONTROL NUMBER
- control field: 16397
003 - CONTROL NUMBER IDENTIFIER
- control field: HDC
005 - DATE AND TIME OF LATEST TRANSACTION
- control field: 20230624073500.0
008 - FIXED-LENGTH DATA ELEMENTS
- fixed length control field: 210221|| aca||aabn | a|a d
040 ## - CATALOGING SOURCE
- Original cataloging agency: HDC
- Transcribing agency: HDC
150 ## - HEADING--TOPICAL TERM
- General subdivision: Cadbury Confectionary Sdn Bhd
670 ## - SOURCE DATA FOUND
- Source citation: Work cat.: (HDC): Kredibiliti JAKIM tentu status halal usah dipertikai
